Normal view
MARC view
Entry Personal Name
001 - CONTROL NUMBER
- control field: 783694
003 - CONTROL NUMBER IDENTIFIER
- control field: OSt
005 - DATE AND TIME OF LATEST TRANSACTION
- control field: 20250508170253.0
008 - FIXED-LENGTH DATA ELEMENTS
- fixed length control field: 250508|| aca||aabn | a|a d
040 ## - CATALOGING SOURCE
- Original cataloging agency: OSt
- Transcribing agency: OSt
100 ## - HEADING--PERSONAL NAME
- Personal name: Widdowson Peter Ed
670 ## - SOURCE DATA FOUND
- Source citation: Work cat.: (OSt)1400125: Brooker Peter Ed. 28785, Practical reader in contemporary literacy theory, 1996
